000 00432nam a22001817a 4500
003 MPLRDC
005 20220104123752.0
008 210129b ||||| |||| 00| 0 eng d
082 _a429.1 ZYH
100 _a詹益宏
245 _a性医学: 正确的性知识
_c
250 _a初版
260 _a台湾
_b牛顿出版社
_c1985
300 _b557
490 _a牛顿文库
650 _a性知识
942 _cBK
_o429.1 ZYH
999 _c14044
_d14034